000 00474pab a2200157 454500
008 180718b1987 xxu||||| |||| 00| 0 eng d
100 _aGraham, Douglas H.
245 _aThirty years of agricultural growth in Brazil
_bCrop performance regional profile, and recent policy reviews
260 _c1987
300 _a1-34
362 _aOct.
650 _aAgriculture - Brazil
700 _aHoward Gautheir
773 _aEconomic Development and Cultural Change
909 _a3653
999 _c3653
_d3653